Bakumatsu ishin keizai shi kenkyū : kaikoku to bōeki /

Saved in:
Bibliographic Details
Main Author: Kanno, Watarō, 1895-1976.
Format: Book
Language:Japanese
Published: Kyōto : Mineruva Shobō, Shōwa 36 [1961]
Series:Ōsaka Keizai Daigaku Nihon Keizaishi Kenkyūjo sōsho ; dai 1-satsu.
Subjects:
Tags: Add Tag
No Tags, Be the first to tag this record!
LEADER 01383cam a2200325 a 4500
001 007764458-1
005 20024617121422.0
008 951026s1961 ja b 000 0 jpn
010 |a j 66000686 
035 0 |a ocm33374063 
040 |a DLC  |c TxU  |d *YNH*  |d CStRLIN 
100 1 |6 880-01  |a Kanno, Watarō,  |d 1895-1976. 
245 1 0 |6 880-02  |a Bakumatsu ishin keizai shi kenkyū :  |b kaikoku to bōeki /  |c Kanno Watarō cho. 
260 |6 880-03  |a Kyōto :  |b Mineruva Shobō,  |c Shōwa 36 [1961] 
300 |a 8, 305, 14 p. ;  |c 22 cm. 
490 1 |6 880-04  |a Ōsaka Keizai Daigaku Nihon Keizaishi Kenkyūjo sōsho ;  |v dai 1-satsu 
504 |a Includes bibliographical notes. 
651 0 |a Japan  |x Commerce  |x History. 
610 2 0 |6 880-05  |a Ōsaka Tsushō Kaisha. 
610 2 0 |6 880-06  |a Kyōto Kaishō Kaisha. 
880 1 |6 100-01  |a 管野和太郎,  |d 1895- 
880 1 0 |6 245-02  |a 幕末維新經濟史硏究 :  |b 開國と貿易 /  |c 管野和太郎著. 
880 |6 260-03  |a 京都 :  |b ミネルヴァ書房,  |c 昭和 36 [1961] 
880 1 |6 490-04  |a 大阪経済大学日本経済史硏究所叢書 ;  |v 第1册 
880 2 0 |6 610-05  |a 大阪通商会社. 
880 2 0 |6 610-06  |a 京都開商会社. 
830 0 |6 880-54  |a Ōsaka Keizai Daigaku Nihon Keizaishi Kenkyūjo sōsho ;  |v dai 1-satsu. 
880 0 |6 830-54  |a 大阪経済大学日本経済史硏究所叢書 ;  |v 第1册. 
988 |a 20021219 
906 |0 DLC